000 00388nam a2200145Ia 4500
008 240624s9999 xx 000 0 und d
041 _aeng
082 _a658.152 ROB
100 _aROBINSON JOAN
245 _aACCUMULATION OF CAPITAL PALGRAVE CLASSIC
250 _a(3rd ed.)
260 _c2013
_aLondon
_bPalgrave Macmillan
300 _axxxvii, : 444 : p. : cm. ; 21
365 _cGBP
_b30
999 _c23439
_d23439